Rozpoznaj alkohol po definicji - Statystyki

Ogólne statystyki
  • Ten quiz został rozwiązany 54 razy
  • Średni wynik to 8 z 13
Statystyki odpowiedzi
Definicja Alkohol % Poprawnych
napój średnioprocentowy powstający w wyniku fermentacji alkoholowej moszczu winogron wino
100%
napój powstający wskutek zmieszania spirytusu rektyfikowanego z wodą wódka
100%
otrzymywany z rozcieńczonego wyciągu słodowego oraz chmielowego, poddawanego fermentacji przy wykorzystaniu drożdży piwo
94%
trunek dojrzewający w drewnianych beczkach, wytwarzany dzięki procesowi destylacji zacieru zbożowego whisky
94%
orzeźwiający napój stworzony na bazie soku z dojrzewających jabłek cydr
72%
napój produkowany ze sfermentowanego soku agawy niebieskiej tequilla
68%
gęsty napój o słodkim, owocowym, ziołowym lub korzennym smaku, produkowany poprzez aromatyzowanie spirytusu likier
60%
trunek pochodzący ze sfermentowanego soku z trzciny cukrowej rum
57%
to wódka aromatyzowana jagodami jałowca oraz szeregiem innych ziół i przypraw gin
55%
trunek powstający podczas ekstrakcji kwiatów i liści piołunu absynt
47%
trunek destylowany z wina, przede wszystkim gronowego lub owocowego brandy
47%
szlachetny napój produkowany z destylowanych białych, francuskich winogron koniak
38%
trunek wytwarzany poprzez destylację sfermentowanych owoców rakija
11%
Nie znaleziono quizów pasujących do podanych kryteriów
Rozkład punktacji
Procent ludzi z każdym wynikiem
Percentyl według liczby udzielonych odpowiedzi
Twoja historia wyników
Nie rozwiązałeś tego quizu